Nombres en italien - Statistiques

Statistiques générales
  • Ce quiz a été pris 1 148 fois
  • Le résultat moyen est 16 sur 20
Statistiques - réponses
Italien Nombre % Correct
venticinque 25
88%
quarantasette 47
88%
quattro 4
86%
ottantasei 86
86%
quarantadue 42
85%
sette 7
85%
ottantotto 88
85%
nove 9
85%
cento 100
84%
due 2
84%
duemila 2000
84%
ventisette 27
84%
quarantacinque 45
84%
ottantuno 81
84%
novantadue 92
84%
venti 20
83%
ventiquattro 24
83%
trenta 30
83%
cinquecento 500
83%
cinquantaquattro 54
83%
cinquantacinque 55
83%
novecento 900
83%
ventuno 21
82%
ventotto 28
82%
sessantadue 62
82%
ottantadue 82
82%
trentacinque 35
81%
quarantaquattro 44
81%
novantacinque 95
81%
quindici 15
80%
trentaquattro 34
80%
cinque 5
80%
cinquantasette 57
80%
cinquantotto 58
80%
cinquantanove 59
80%
ottantacinque 85
80%
novantaquattro 94
80%
tredici 13
79%
diciassette 17
79%
tre 3
79%
trentasette 37
79%
settemila 7000
79%
otto 8
79%
ottocento 800
79%
mille 1000
78%
dodici 12
78%
trecento 300
78%
trentasei 36
78%
cinquantuno 51
78%
settantuno 71
78%
novantasei 96
78%
uno 1
77%
quattordici 14
77%
ventinove 29
77%
quattromila 4000
77%
quarantuno 41
77%
cinquemila 5000
77%
sessantuno 61
77%
settantadue 72
77%
ottanta 80
77%
novanta 90
77%
diciotto 18
76%
duecento 200
76%
ventisei 26
76%
trentotto 38
76%
quarantotto 48
76%
cinquantadue 52
76%
cinquantasei 56
76%
seicento 600
76%
seimila 6000
76%
sessantacinque 65
76%
novemila 9000
76%
novantuno 91
76%
dieci 10
75%
ventidue 22
75%
trentuno 31
75%
trentadue 32
75%
quaranta 40
75%
sessanta 60
75%
settanta 70
75%
settantaquattro 74
75%
settantotto 78
75%
settantanove 79
75%
ottantasette 87
75%
novantasette 97
75%
tremila 3000
74%
quarantanove 49
74%
sei 6
74%
sessantasette 67
74%
sessantotto 68
74%
ottomila 8000
74%
diecimila 10000
73%
undici 11
73%
quarantasei 46
73%
settantacinque 75
73%
novantotto 98
73%
novantanove 99
73%
sessantasei 66
72%
settecento 700
72%
settantasette 77
72%
ottantatre 83
72%
ottantanove 89
72%
diciannove 19
71%
quarantatre 43
71%
sessantaquattro 64
71%
ottantaquattro 84
71%
cinquanta 50
70%
trentatre 33
69%
trentanove 39
69%
quattrocento 400
69%
sessantanove 69
67%
settantasei 76
67%
ventitre 23
66%
settantatre 73
65%
sedici 16
64%
sessantatre 63
64%
cinquantatre 53
62%
novantatre 93
60%
Aucun quiz correspondant
Distribution des résultats
% des personnes avec chaque résultat
Percentile par nombre de réponses
Votre historique - résultats
Vous n’avez pas pris ce quiz